Statistiques concernant Pays d'origine des touristes au Kazahkstan

Cliquez ici pour prendre le quiz!

Statistiques générales

  • Ce quiz a été pris 69 fois
  • Le résultat moyen est 11 sur 14

Statistiques - réponses

Nombre de touristesPays% Correct
1 587 409Russie
100%
117 465Chine
96%
2 459 757Ouzbékistan
94%
26 402Etats-Unis
85%
1 348 709Kirghizistan
85%
63 156Turkménistan
84%
207 009Tadjikistan
78%
73 390Ukraine
78%
94 846Azerbaïdjan
76%
90 286Allemagne
74%
89 611Turquie
72%
63 520Biélorussie
66%
26 097Arménie
60%
22 276Corée du Sud
59%

Distribution des résultats

Percentile par nombre de réponses

% des personnes avec chaque résultat

Votre développement - résultats

Vous n’avez pas pris ce quiz